书目信息 |
| 题名: |
欧也妮·葛朗台(中文版)
|
|
| 作者: | 巴尔扎克 著 ;傅雷, 译 | |
| 分册: | ||
| 出版信息: | 南京 译林出版社 2018.06 |
|
| 页数: | 192页 | |
| 开本: | 23cm | |
| 丛书名: | 双语译林 | |
| 单 册: | ||
| 中图分类: | I565.44 , H319.4:I | |
| 科图分类: | ||
| 主题词: | 长篇小说--chang pian xiao shuo--法国--近代 , 英语 | |
| 电子资源: | ||
| ISBN: | 978-7-5447-7320-1 | |
| 000 | 01491nam 2200337 450 | |
| 001 | CAL 0120162051343 | |
| 005 | 20181212092652.76 | |
| 010 | @a978-7-5447-7320-1@b@dCNY44.80 | |
| 100 | @a20180519d2018 em y0chiy50 ea | |
| 101 | 1 | @achi@cfre |
| 102 | @aCN@b320000 | |
| 105 | @ay z 000ay | |
| 106 | @ar | |
| 200 | 1 | @a欧也妮·葛朗台(中文版)@Aou ye ni·ge lang tai(zhong wen ban)@f(法国) 巴尔扎克著@g傅雷译 |
| 210 | @a南京@c译林出版社@d2018.06 | |
| 215 | @a192页@c@d23cm@e英文版1册 (199页) | |
| 225 | 2 | @a双语译林@Ashuang yu yi lin@i壹力文库@v163 |
| 312 | @a英文题名取自封面 | |
| 314 | @a巴尔扎克, 19世纪法国伟大的批判现实主义作家。傅雷, 江苏省南汇县 (今属上海) 人, 一代法语翻译巨擘。 | |
| 330 | @a《欧也妮·葛朗台》是巴尔扎克《人间喜剧》中的“最出色的画幅之一”。小说叙述了一个金钱毁灭人性和造成家庭悲剧的故绕欧也妮的爱情悲剧这一中心事件, 以葛朗台家庭内专制所掀起的阵阵波澜、家庭外银行家和公证人两户之间的明争暗斗和欧也妮对夏尔·葛朗台倾心相爱而查理背信弃义的痛苦的人世遭遇三条相互交织的情节线索连串小说。本书买中文版赠英文版。 | |
| 410 | 0 | @12001 @a双语译林@i壹力文库@v163 |
| 500 | 10 | @aEugenie Grandet@mChinese |
| 606 | 0 | @a长篇小说@Achang pian xiao shuo@y法国@z近代 |
| 606 | 0 | @a英语 |
| 690 | @aI565.44@v5 | |
| 690 | @aH319.4:I@v4 | |
| 701 | 1 | @a巴尔扎克@Aba er za ke@g(Balzac, Honore de),@f1799-1850@4著 |
| 702 | 0 | @a傅雷,@Afu lei@f1908-1966@4译 |
| 801 | 0 | @aCN@b人天书店@c20180512@g |
| 905 | @aBZT@dH319.4:I@e147-1 | |
| 906 | @dCNY44.80 (含英文@n3@r1 | |
| 欧也妮·葛朗台(中文版)/(法国) 巴尔扎克著/傅雷译.-南京:译林出版社,2018.06 |
| 192页;23cm+英文版1册 (199页).-(双语译林.壹力文库;163) |
| ISBN 978-7-5447-7320-1:CNY44.80 |
| 《欧也妮·葛朗台》是巴尔扎克《人间喜剧》中的“最出色的画幅之一”。小说叙述了一个金钱毁灭人性和造成家庭悲剧的故绕欧也妮的爱情悲剧这一中心事件, 以葛朗台家庭内专制所掀起的阵阵波澜、家庭外银行家和公证人两户之间的明争暗斗和欧也妮对夏尔·葛朗台倾心相爱而查理背信弃义的痛苦的人世遭遇三条相互交织的情节线索连串小说。本书买中文版赠英文版。 |
| ● |
| 相关链接 |
|
|
|
正题名:欧也妮·葛朗台(中文版)
索取号:H319.4:I/147-1
 
预约/预借
| 序号 | 登录号 | 条形码 | 馆藏地/架位号 | 状态 | 备注 |
| 1 | 848708 | 2000848708 | 第二书库/ [索取号:H319.4:I/147-1] | 在馆 | |
| 2 | 848709 | 2000848709 | 第二书库/ [索取号:H319.4:I/147-1] | 在馆 | |
| 3 | 848710 | 2000848710 | 第二书库/ [索取号:H319.4:I/147-1] |
已借出,限还日期为2026.06.12 借出人:顾芊芊 |